Chemická modifikácia korundovej keramiky: Mikroštruktúra a mechanické vlastnosti
Saved in:
| Main Author: | |
|---|---|
| Format: | Book |
| Language: | Slovak |
| Published: |
Bratislava
STU FCHPT v Bratislave
2006
|
| Subjects: | |
| Online Access: | View in OPAC |
| Tags: |
No Tags, Be the first to tag this record!
|
MARC
| LEADER | 00000nam a2200000 a 4500 | ||
|---|---|---|---|
| 005 | 20260127134358.0 | ||
| 008 | 070228 2006 xo 000 0 slo d | ||
| 035 | |a vtls008950073 | ||
| 039 | 9 | |y 200702280845 |z mschk03 | |
| 040 | |a STUSCHK1 |b slo |c STUSCHK1 |e AACR2 | ||
| 100 | 1 | |a Galusek, Dušan | |
| 245 | 1 | |a Chemická modifikácia korundovej keramiky: Mikroštruktúra a mechanické vlastnosti |c Dušan Galusek | |
| 260 | |a Bratislava |b STU FCHPT v Bratislave |c 2006 | ||
| 300 | |a 40 s. : il. ; + prílohy | ||
| 500 | |a Centrum kompetencie skla VILA v Trenčíne | ||
| 500 | |a Obháj.: 23.10. 2006 | ||
| 650 | 0 | |a keramika kryštalická | |
| 650 | 0 | |a keramika korundová | |
| 910 | |a SCHK95 | ||
| 999 | |c 11313 |d 11313 | ||